[Event "Titled Tuesday intern op 16th Apr Early"]
[Site "Chess.com INT"]
[Date "2024.04.16"]
[Round "3"]
[White "Fernandez Lopez, Ruben"]
[Black "Samunenkov, Igor"]
[Result "0-1"]
[WhiteElo "2246"]
[BlackElo "2548"]
[PlyCount "92"]
[EventDate "2024.04.16"]
[EventType "swiss (blitz)"]
[EventRounds "11"]
[EventCountry "USA"]
[SourceTitle "CB17_2024"]
[SourceDate "2024.04.24"]
[SourceVersion "1"]
[SourceVersionDate "2024.04.24"]
[SourceQuality "1"]

1. b3 d5 2. Bb2 c5 3. e3 Nf6 4. Nf3 g6 5. Be2 Bg7 6. 0-0 0-0 7. d4 cxd4 8. exd4 Nc6 9. c4 dxc4 10. bxc4 Qb6 11. Qb3 Ne4 12. Rd1 Bf5 13. h3 Rfd8 14. g4 Be6 15. Qxb6 axb6 16. Nbd2 Nc5 17. Nb3 Na4 18. Rab1 Nxb2 19. Rxb2 Ra4 20. c5 Bxb3 21. axb3 Rb4 22. cxb6 Nxd4 23. Nxd4 Bxd4 24. Rbd2 e5 25. Bc4 Rxb6 26. Kg2 Rf6 27. f3 Ra8 28. h4 h5 29. gxh5 gxh5 30. Re1 Kh8 31. Ree2 Rg8+ 32. Kh2 Rxf3 33. Rg2 Rg4 34. Rxg4 hxg4 35. h5 Kg7 36. Ra2 e4 37. Re2 f5 38. Kg2 Kh6 39. Bf7 e3 40. Rc2 f4 41. Bd5 Rg3+ 42. Kh2 Be5 43. Rc8 f3 44. Be4 Rh3+ 45. Kg1 e2 46. Kf2 Bg3+ 0-1

[Event "Titled Tuesday intern op 16th Apr Early"]
[Site "Chess.com INT"]
[Date "2024.04.16"]
[Round "1"]
[White "Le, Quang Liem"]
[Black "Fernandez Lopez, Ruben"]
[Result "1-0"]
[WhiteElo "2731"]
[BlackElo "2246"]
[PlyCount "87"]
[EventDate "2024.04.16"]
[EventType "swiss (blitz)"]
[EventRounds "11"]
[EventCountry "USA"]
[SourceTitle "CB17_2024"]
[SourceDate "2024.04.24"]
[SourceVersion "1"]
[SourceVersionDate "2024.04.24"]
[SourceQuality "1"]

1. Nf3 d6 2. d4 Nf6 3. g3 Nbd7 4. c4 e5 5. Nc3 exd4 6. Nxd4 Be7 7. Bg2 0-0 8. 0-0 c6 9. e4 Ne5 10. b3 Re8 11. f4 Ned7 12. Kh1 a5 13. Be3 Nc5 14. Qc2 Bf8 15. Rad1 Qc7 16. Bg1 Bg4 17. Rd2 Rad8 18. h3 Bc8 19. Rfd1 h5 20. Bf2 h4 21. g4 d5 22. e5 Nfe4 23. Nxe4 dxe4 24. Bxe4 Nxe4 25. Qxe4 Bb4 26. Bxh4 Bxd2 27. Bxd8 Rxd8 28. Rxd2 c5 29. Nb5 Qb6 30. Nd6 Bd7 31. Kh2 Bc6 32. Qf5 Rd7 33. e6 fxe6 34. Qxe6+ Kh7 35. Re2 Rxd6 36. Qxd6 Qb4 37. Qd3+ Kg8 38. f5 Qb6 39. Qd6 Qb4 40. f6 Qc3 41. Qd8+ Kh7 42. f7 Qf3 43. Qh4+ Kg6 44. Qh5+ 1-0

[Event "Maia op 7th"]
[Site "Maia"]
[Date "2023.09.01"]
[Round "8"]
[White "Fernandez Lopez, Ruben"]
[Black "Balakrishnan, Praveen"]
[Result "0-1"]
[WhiteElo "2295"]
[BlackElo "2511"]
[PlyCount "114"]
[EventDate "2023.08.25"]
[EventType "swiss"]
[EventRounds "9"]
[EventCountry "POR"]
[SourceTitle "EXT 2024"]
[Source "ChessBase"]
[SourceDate "2023.10.10"]
[SourceVersion "1"]
[SourceVersionDate "2023.10.10"]
[SourceQuality "1"]

1. e4 c5 2. Nf3 Nc6 3. d4 cxd4 4. Nxd4 Nf6 5. Nc3 e5 6. Ndb5 d6 7. Nd5 Nxd5 8. exd5 Nb8 9. c4 Be7 10. Be2 0-0 11. 0-0 a6 12. Nc3 Nd7 13. Kh1 f5 14. f4 Bf6 15. Be3 exf4 16. Bxf4 Ne5 17. Rc1 Bd7 18. b4 b6 19. Be3 Re8 20. Bg1 Bg5 21. Rc2 f4 22. Qd4 Bf5 23. Rb2 Rc8 24. b5 a5 25. Qxb6 Nxc4 26. Qxd8 Bxd8 27. Bxc4 Rxc4 28. Ne2 Bd3 29. b6 Bxe2 30. Rfb1 Bf6 31. Rxe2 Rxe2 32. b7 Re8 33. b8Q Rxb8 34. Rxb8+ Kf7 35. Rb6 Rc1 36. Rc6 Ra1 37. Rc4 Bg5 38. h4 Bxh4 39. Rxf4+ Bf6 40. g4 Kg6 41. Ra4 Rd1 42. Kg2 Rxd5 43. Bb6 Bc3 44. Rc4 Bb4 45. Bd4 h5 46. Kf3 hxg4+ 47. Ke4 Rf5 48. Rc2 d5+ 49. Ke3 Rf3+ 50. Ke2 Ra3 51. Kf1 Rd3 52. Rc6+ Kf5 53. Bxg7 Rd1+ 54. Ke2 Rd2+ 55. Ke3 Rxa2 56. Rf6+ Kg5 57. Re6 Ra3+ 0-1

[Event "Titled Tuesday intern op 22nd Aug Early"]
[Site "Chess.com INT"]
[Date "2023.08.22"]
[Round "1"]
[White "Chigaev, Maksim"]
[Black "Fernandez Lopez, Ruben"]
[Result "1-0"]
[WhiteElo "2616"]
[BlackElo "2295"]
[PlyCount "21"]
[EventDate "2023.08.22"]
[EventType "swiss (blitz)"]
[EventRounds "11"]
[EventCountry "USA"]
[SourceTitle "EXT 2024"]
[Source "ChessBase"]
[SourceDate "2023.10.10"]
[SourceVersion "1"]
[SourceVersionDate "2023.10.10"]
[SourceQuality "1"]

1. e4 d5 2. exd5 Nf6 3. d4 Bg4 4. Be2 Bxe2 5. Qxe2 Qxd5 6. Nf3 Nc6 7. 0-0 0-0-0 8. Rd1 e5 9. Nc3 Qd7 10. dxe5 Qe8 11. Rxd8+ 1-0

[Event "Titled Tuesday intern op 22nd Aug Early"]
[Site "Chess.com INT"]
[Date "2023.08.22"]
[Round "2"]
[White "Fernandez Lopez, Ruben"]
[Black "Kaminski, Victor Kazimierz"]
[Result "1-0"]
[WhiteElo "2295"]
[BlackElo "2247"]
[PlyCount "103"]
[EventDate "2023.08.22"]
[EventType "swiss (blitz)"]
[EventRounds "11"]
[EventCountry "USA"]
[SourceTitle "EXT 2024"]
[Source "ChessBase"]
[SourceDate "2023.10.10"]
[SourceVersion "1"]
[SourceVersionDate "2023.10.10"]
[SourceQuality "1"]

1. b3 d5 2. Bb2 Bf5 3. e3 Nc6 4. c4 Nb4 5. Na3 Nd3+ 6. Bxd3 Bxd3 7. Qf3 e6 8. Ne2 Nf6 9. Nf4 Be4 10. Qg3 h5 11. h4 c6 12. d3 Bf5 13. 0-0 Qa5 14. Nc2 Qd2 15. Rac1 0-0-0 16. b4 dxc4 17. Rfd1 Ne4 18. Rxd2 Nxg3 19. fxg3 cxd3 20. Nd4 Bxb4 21. Rdd1 d2 22. Rc4 Bg4 23. Nfe2 e5 24. Nf3 Ba5 25. Bxe5 Rhe8 26. Bd4 Kb8 27. Kf2 b6 28. Rxc6 Kb7 29. Rc2 Rc8 30. Rxc8 Rxc8 31. Bxg7 Rc2 32. a4 Ra2 33. Bc3 Rxa4 34. Rxd2 Bxc3 35. Nxc3 Rc4 36. Nb5 Rc5 37. Nd6+ Kc6 38. Nxf7 a5 39. N7e5+ Kb7 40. Nxg4 hxg4 41. Nd4 a4 42. Ra2 Ra5 43. h5 Rxh5 44. Rxa4 b5 45. Rb4 Ka6 46. e4 Rc5 47. Rxb5 Rxb5 48. Nxb5 Kxb5 49. Ke3 Kc4 50. Kf4 Kd4 51. e5 Kd5 52. Kf5 1-0

[Event "Titled Tuesday intern op 22nd Aug Late"]
[Site "Chess.com INT"]
[Date "2023.08.22"]
[Round "8"]
[White "Filip, Andrei"]
[Black "Fernandez Lopez, Ruben"]
[Result "1-0"]
[WhiteElo "2326"]
[BlackElo "2295"]
[PlyCount "129"]
[EventDate "2023.08.22"]
[EventType "swiss (blitz)"]
[EventRounds "11"]
[EventCountry "USA"]
[SourceTitle "EXT 2024"]
[Source "ChessBase"]
[SourceDate "2023.10.10"]
[SourceVersion "1"]
[SourceVersionDate "2023.10.10"]
[SourceQuality "1"]

1. d4 b6 2. e4 Bb7 3. Bd3 e6 4. c4 Bb4+ 5. Bd2 Bxd2+ 6. Nxd2 Nc6 7. Ngf3 d6 8. 0-0 e5 9. d5 Nce7 10. b4 Nf6 11. c5 0-0 12. c6 Bc8 13. a4 a5 14. b5 Nh5 15. g3 f5 16. Nxe5 fxe4 17. Nxe4 dxe5 18. Qxh5 Qxd5 19. Rad1 Bf5 20. Bb1 Qb3 21. Ng5 h6 22. Ne4 Qxa4 23. Qh4 Qxb5 24. Qxe7 Qxc6 25. Rc1 Qg6 26. Rxc7 Rae8 27. Qa3 Bxe4 28. Qb3+ Kh8 29. Bxe4 Qxe4 30. Qxb6 Qd5 31. Qa7 Rg8 32. Rd7 Qb5 33. Rb7 Ra8 34. Rxb5 Rxa7 35. Ra1 a4 36. Rxe5 a3 37. Ra2 Rb8 38. Kg2 Rb2 39. Re8+ Kh7 40. Rxb2 axb2 41. Rb8 Ra2 42. h4 h5 43. Kf3 Kg6 44. Kf4 Kf6 45. Rb6+ Ke7 46. Kg5 Kd7 47. Kxh5 Kc7 48. Rb3 Kc6 49. Kg6 Kc5 50. Kxg7 Kc4 51. Rb8 Kc3 52. h5 Ra7+ 53. Kg6 Ra4 54. Rxb2 Kxb2 55. h6 Rg4+ 56. Kf7 Ra4 57. h7 Ra7+ 58. Kg6 Ra8 59. Kg7 Ra7+ 60. Kh6 Ra8 61. g4 Kc3 62. g5 Kd4 63. g6 Ke5 64. g7 Ra6+ 65. Kg5 1-0

[Event "Titled Tuesday intern op 22nd Aug Late"]
[Site "Chess.com INT"]
[Date "2023.08.22"]
[Round "3"]
[White "Krishnan, Varun"]
[Black "Fernandez Lopez, Ruben"]
[Result "1-0"]
[WhiteElo "2341"]
[BlackElo "2295"]
[PlyCount "89"]
[EventDate "2023.08.22"]
[EventType "swiss (blitz)"]
[EventRounds "11"]
[EventCountry "USA"]
[SourceTitle "EXT 2024"]
[Source "ChessBase"]
[SourceDate "2023.10.10"]
[SourceVersion "1"]
[SourceVersionDate "2023.10.10"]
[SourceQuality "1"]

1. d4 b6 2. c4 Bb7 3. Nc3 Nf6 4. f3 e6 5. e4 Bb4 6. Qc2 Nc6 7. Be3 e5 8. Nge2 0-0 9. 0-0-0 d6 10. g4 exd4 11. Nxd4 Nxd4 12. Bxd4 Nd7 13. h4 Bc5 14. h5 Bxd4 15. Rxd4 Qg5+ 16. Qd2 Qxd2+ 17. Rxd2 Rfe8 18. g5 Ne5 19. Be2 Rad8 20. Nd5 Bxd5 21. cxd5 g6 22. Kb1 Rf8 23. Rc2 Rd7 24. f4 f6 25. fxe5 fxe5 26. Bg4 Re7 27. Be6+ Kg7 28. hxg6 Kxg6 29. Bf5+ Kxg5 30. Rg2+ Kf6 31. Rh6+ Kf7 32. Rxh7+ Ke8 33. Rxe7+ Kxe7 34. Rg7+ Rf7 35. Rxf7+ Kxf7 36. b4 Kf6 37. Kc2 Kg5 38. Kb3 Kf4 39. a4 a6 40. Kc4 Ke3 41. a5 Kf4 42. Kd3 Kg5 43. Bc8 Kf6 44. Bxa6 Ke7 45. Bb7 1-0

[Event "Titled Tuesday intern op 22nd Aug Late"]
[Site "Chess.com INT"]
[Date "2023.08.22"]
[Round "2"]
[White "Liyanage, Ranindu Dilshan"]
[Black "Fernandez Lopez, Ruben"]
[Result "1-0"]
[WhiteElo "2359"]
[BlackElo "2295"]
[PlyCount "91"]
[EventDate "2023.08.22"]
[EventType "swiss (blitz)"]
[EventRounds "11"]
[EventCountry "USA"]
[SourceTitle "EXT 2024"]
[Source "ChessBase"]
[SourceDate "2023.10.10"]
[SourceVersion "1"]
[SourceVersionDate "2023.10.10"]
[SourceQuality "1"]

1. c4 b6 2. d4 Bb7 3. Nc3 Nf6 4. Qc2 e6 5. a3 c5 6. Nf3 cxd4 7. Nxd4 Nc6 8. Nxc6 Bxc6 9. e4 d6 10. Be2 Be7 11. 0-0 0-0 12. Be3 a6 13. Rfd1 Qc7 14. Rac1 Rac8 15. b4 Qb7 16. f3 Rfd8 17. Qb3 b5 18. a4 bxc4 19. Bxc4 d5 20. exd5 exd5 21. Nxd5 Bxd5 22. Bxd5 Rxc1 23. Bxf7+ Kf8 24. Rxc1 Qxb4 25. Qxb4 Bxb4 26. Rc7 Rd1+ 27. Kf2 Bd6 28. Rb7 Bxh2 29. g3 Rd7 30. Rxd7 Nxd7 31. Bc4 a5 32. Kg2 Ne5 33. Be2 Bxg3 34. Kxg3 Kf7 35. f4 Nc6 36. Bb5 Nb4 37. Bb6 h6 38. Bxa5 Nc2 39. Bc3 g5 40. fxg5 hxg5 41. a5 Ne3 42. a6 Nf5+ 43. Kh2 Nd6 44. a7 Nxb5 45. a8Q Nxc3 46. Qf3+ 1-0

[Event "Titled Tuesday intern op 22nd Aug Late"]
[Site "Chess.com INT"]
[Date "2023.08.22"]
[Round "5"]
[White "Pham, Le Thao Nguyen"]
[Black "Fernandez Lopez, Ruben"]
[Result "1-0"]
[WhiteElo "2370"]
[BlackElo "2295"]
[PlyCount "95"]
[EventDate "2023.08.22"]
[EventType "swiss (blitz)"]
[EventRounds "11"]
[EventCountry "USA"]
[SourceTitle "EXT 2024"]
[Source "ChessBase"]
[SourceDate "2023.10.10"]
[SourceVersion "1"]
[SourceVersionDate "2023.10.10"]
[SourceQuality "1"]

1. d4 b6 2. Nf3 Bb7 3. g3 e6 4. Bg2 Nf6 5. 0-0 Be7 6. c4 0-0 7. Nc3 d5 8. Ne5 Nbd7 9. Bg5 h6 10. Bf4 Qc8 11. cxd5 exd5 12. Rc1 Nxe5 13. dxe5 Ne4 14. Nxd5 Bxd5 15. Qxd5 Nc5 16. Qxa8 Qxa8 17. Bxa8 Rxa8 18. Be3 Ne6 19. Rfd1 Kf8 20. f4 g6 21. g4 c5 22. Rd7 Ke8 23. Rd3 Rc8 24. f5 gxf5 25. gxf5 Ng5 26. f6 Bf8 27. Bxg5 hxg5 28. b3 b5 29. Rd5 a6 30. Kg2 c4 31. bxc4 bxc4 32. Kf3 c3 33. Rc2 Rc4 34. e3 Bb4 35. Rd3 a5 36. a3 g4+ 37. Ke2 Bxa3 38. Rdxc3 Rxc3 39. Rxc3 Bb4 40. Rc4 Kd7 41. Kd3 Ke6 42. Ke4 Bf8 43. Rc6+ Kd7 44. Ra6 Bb4 45. Kf5 Kc7 46. e6 fxe6+ 47. Rxe6 a4 48. Re4 1-0

[Event "Titled Tuesday intern op 22nd Aug Late"]
[Site "Chess.com INT"]
[Date "2023.08.22"]
[Round "6"]
[White "Senft, Sean"]
[Black "Fernandez Lopez, Ruben"]
[Result "0-1"]
[WhiteElo "2146"]
[BlackElo "2295"]
[PlyCount "85"]
[EventDate "2023.08.22"]
[EventType "swiss (blitz)"]
[EventRounds "11"]
[EventCountry "USA"]
[SourceTitle "EXT 2024"]
[Source "ChessBase"]
[SourceDate "2023.10.10"]
[SourceVersion "1"]
[SourceVersionDate "2023.10.10"]
[SourceQuality "1"]

1. d4 b6 2. c4 Bb7 3. Nc3 Nf6 4. Nf3 e6 5. Bg5 Be7 6. e3 0-0 7. Bd3 d5 8. cxd5 exd5 9. Qc2 Nbd7 10. 0-0 h6 11. Bh4 Re8 12. h3 Ne4 13. Bxe7 Qxe7 14. Rac1 Ndf6 15. Ne5 c5 16. Qe2 Rac8 17. Rfe1 cxd4 18. exd4 Nxc3 19. bxc3 Qa3 20. Qf3 Qxa2 21. Ra1 Qd2 22. Red1 Qxc3 23. Rxa7 Re7 24. Qf5 Rce8 25. Ng4 Re1+ 26. Rxe1 Rxe1+ 27. Kh2 Nxg4+ 28. hxg4 Qc7+ 29. g3 g6 30. Qf6 Re6 31. Qf3 Qb8 32. Ra2 Qd8 33. Rb2 Rf6 34. Qd1 Bc8 35. f4 Qd7 36. Be2 Re6 37. Bf3 Re3 38. Rxb6 Qc7 39. Rb2 Be6 40. Bg2 Qc3 41. Rc2 Qa3 42. Bf3 Rxf3 43. Rc8+ 0-1

[Event "ESP-ch U18"]
[Site "Salobrena"]
[Date "2023.08.02"]
[Round "4"]
[White "Jimenez Munoz, Nicolas"]
[Black "Fernandez Lopez, Ruben"]
[Result "0-1"]
[WhiteElo "2204"]
[BlackElo "2313"]
[PlyCount "118"]
[EventDate "2023.07.31"]
[EventType "swiss"]
[EventRounds "9"]
[EventCountry "ESP"]
[SourceTitle "CBM 215 Extra"]
[Source "ChessBase"]
[SourceDate "2023.09.30"]
[SourceVersion "1"]
[SourceVersionDate "2023.09.30"]
[SourceQuality "1"]

1. e4 g6 2. d4 Bg7 3. Nf3 d6 4. Bc4 Nf6 5. Nc3 0-0 6. Qe2 c6 7. a4 d5 8. Bb3 Bg4 9. e5 Nfd7 10. h3 Bxf3 11. Qxf3 e6 12. Ne2 c5 13. c3 Qb6 14. Bc2 cxd4 15. cxd4 Nc6 16. Qe3 Rfc8 17. Bd3 Qb4+ 18. Bd2 Qxb2 19. 0-0 Qb6 20. a5 Qc7 21. a6 b6 22. Rfc1 Qd8 23. Bb5 Ne7 24. Bb4 Nf5 25. Qa3 Rxc1+ 26. Rxc1 Bf8 27. Bxf8 Nxf8 28. Qc3 f6 29. g4 Nh4 30. Qc7 fxe5 31. Qxd8 Rxd8 32. Rc7 exd4 33. Nxd4 e5 34. Nc6 Ra8 35. Ne7+ Kh8 36. Nxd5 Nf3+ 37. Kg2 Nd4 38. Bd3 Rd8 39. Rxa7 Rxd5 40. Be4 Ra5 41. Rf7 Kg8 42. Re7 Rxa6 43. Bd5+ Kh8 44. Re8 Kg7 45. Re7+ Kh6 46. h4 g5 47. hxg5+ Kxg5 48. Rxe5+ Kf6 49. f4 h6 50. Re4 Nde6 51. f5 Ng5 52. Re8 Nd7 53. Rh8 Ke5 54. Bc4 Ra4 55. Bb5 Ra2+ 56. Kf1 Nf6 57. Rxh6 Nxg4 58. Rxb6 Ne3+ 59. Ke1 Nf3# 0-1

[Event "ESP-ch U18"]
[Site "Salobrena"]
[Date "2023.07.31"]
[Round "2"]
[White "Martinez Soriano, Javier"]
[Black "Fernandez Lopez, Ruben"]
[Result "0-1"]
[WhiteElo "2035"]
[BlackElo "2313"]
[PlyCount "94"]
[EventDate "2023.07.31"]
[EventType "swiss"]
[EventRounds "9"]
[EventCountry "ESP"]
[SourceTitle "CBM 215 Extra"]
[Source "ChessBase"]
[SourceDate "2023.09.30"]
[SourceVersion "1"]
[SourceVersionDate "2023.09.30"]
[SourceQuality "1"]

1. e4 d6 2. d4 Nf6 3. Nc3 e5 4. Nf3 Nbd7 5. b3 Be7 6. Bd3 0-0 7. 0-0 c6 8. Bb2 Qc7 9. Re1 Re8 10. a4 Bf8 11. Qd2 b6 12. a5 b5 13. Ne2 a6 14. Ng3 Bb7 15. c4 g6 16. Rac1 b4 17. c5 exd4 18. Qf4 Rac8 19. cxd6 Bxd6 20. e5 Rxe5 21. Qxd4 Rd5 22. Qc4 Qxa5 23. Ne4 Be7 24. Qc2 Nxe4 25. Rxe4 Bf6 26. Bc4 Qd8 27. Rf4 Bxb2 28. Qxb2 Nb6 29. Bxd5 Nxd5 30. Rfc4 a5 31. Qe5 Qe8 32. Qa1 Nc3 33. Re1 Qd8 34. Rc5 Ra8 35. Rce5 c5 36. Rxc5 Bxf3 37. gxf3 Qd2 38. Rce5 Kg7 39. Qc1 Qa2 40. Qf4 Rd8 41. Qc4 Qd2 42. R1e3 Rd4 43. Qc7 Qc1+ 44. Kg2 Rd1 45. Qc4 Rg1+ 46. Kh3 Qd2 47. Qh4 Qd7+ 0-1

[Event "Titled Tuesday intern op 11th Jul Early"]
[Site "Chess.com INT"]
[Date "2023.07.11"]
[Round "2"]
[White "Dargan, Paul AG"]
[Black "Fernandez Lopez, Ruben"]
[Result "0-1"]
[WhiteElo "2091"]
[BlackElo "2313"]
[PlyCount "22"]
[EventDate "2023.07.11"]
[EventType "swiss (blitz)"]
[EventRounds "11"]
[EventCountry "USA"]
[SourceTitle "EXT 2024"]
[Source "ChessBase"]
[SourceDate "2023.10.10"]
[SourceVersion "1"]
[SourceVersionDate "2023.10.10"]
[SourceQuality "1"]

1. e4 d5 2. exd5 Nf6 3. Nc3 Nxd5 4. Qf3 Nxc3 5. Bc4 e6 6. bxc3 Nc6 7. d4 Bd6 8. Ne2 0-0 9. h4 e5 10. Be3 Qe7 11. h5 e4 0-1

[Event "Titled Tuesday intern op 09th May Late"]
[Site "Chess.com INT"]
[Date "2023.05.09"]
[Round "4"]
[White "Aizenberg, Benny"]
[Black "Fernandez Lopez, Ruben"]
[Result "1-0"]
[WhiteElo "2403"]
[BlackElo "2295"]
[PlyCount "169"]
[EventDate "2023.05.09"]
[EventType "swiss (blitz)"]
[EventRounds "11"]
[EventCountry "USA"]
[SourceTitle "CBM 214 Extra"]
[Source "ChessBase"]
[SourceDate "2023.07.31"]
[SourceVersion "1"]
[SourceVersionDate "2023.07.31"]
[SourceQuality "1"]

1. f4 e5 2. fxe5 d6 3. Nf3 dxe5 4. e4 Nc6 5. Bc4 Bc5 6. Nc3 Bg4 7. d3 Nf6 8. h3 Bxf3 9. Qxf3 Nd4 10. Qd1 0-0 11. Bg5 h6 12. Bh4 c6 13. Qd2 Nxe4 14. Bxd8 Nxd2 15. Kxd2 Raxd8 16. Rae1 Bd6 17. Rhf1 b5 18. Bb3 Nxb3+ 19. axb3 f6 20. Ne4 Bb4+ 21. c3 Ba5 22. Nc5 Kf7 23. Nb7 Bb6 24. Nxd8+ Rxd8 25. Rxe5 Rd7 26. Re4 a6 27. b4 a5 28. bxa5 Bxa5 29. d4 g6 30. Kd3 f5 31. Re5 Bc7 32. Rc5 Rd6 33. Ra1 Bb6 34. Re5 c5 35. d5 c4+ 36. Kc2 f4 37. Ra6 g5 38. Re6 Rxd5 39. Raxb6 h5 40. Rbd6 Rf5 41. Re2 g4 42. hxg4 hxg4 43. Rd4 Kf6 44. Rf2 Kg5 45. Kd2 Rf6 46. Rd5+ Kh4 47. Ke2 Kg3 48. Kf1 Rh6 49. Kg1 Re6 50. Rd1 Re3 51. Rdf1 Re4 52. Rd2 Re3 53. Ra1 Re5 54. Rf2 Rd5 55. Re1 Rd3 56. Ref1 f3 57. gxf3 gxf3 58. Re1 Rd5 59. Re3 Rf5 60. Kf1 Rf4 61. Rg2+ Kh3 62. Rg8 Kh4 63. Kf2 Rf5 64. Rxf3 Rd5 65. Ke3 Rd3+ 66. Kf4 Kh5 67. Rxd3 cxd3 68. Rd8 Kg6 69. Rxd3 Kf6 70. Rd5 Ke6 71. Rxb5 Kd6 72. c4 Kc6 73. b4 Kc7 74. Rd5 Kc6 75. Ke5 Kb6 76. Kd4 Kc7 77. c5 Kc6 78. Kc4 Kb7 79. Rd6 Kc7 80. b5 Kb7 81. Rd7+ Kc8 82. c6 Kb8 83. b6 Kc8 84. Kb5 Kb8 85. Rd8# 1-0

[Event "Titled Tuesday intern op 09th May Late"]
[Site "Chess.com INT"]
[Date "2023.05.09"]
[Round "5"]
[White "Fernandez Lopez, Ruben"]
[Black "Loiacono, Leonardo"]
[Result "0-1"]
[WhiteElo "2295"]
[BlackElo "2301"]
[PlyCount "164"]
[EventDate "2023.05.09"]
[EventType "swiss (blitz)"]
[EventRounds "11"]
[EventCountry "USA"]
[SourceTitle "CBM 214 Extra"]
[Source "ChessBase"]
[SourceDate "2023.07.31"]
[SourceVersion "1"]
[SourceVersionDate "2023.07.31"]
[SourceQuality "1"]

1. b3 e5 2. Bb2 Nc6 3. e3 g6 4. Bb5 Bg7 5. Nf3 Nge7 6. 0-0 0-0 7. d4 exd4 8. exd4 d5 9. Re1 Bg4 10. c3 a6 11. Bd3 Re8 12. h3 Bf5 13. Bf1 Nc8 14. Nbd2 Nd6 15. c4 Rxe1 16. Qxe1 dxc4 17. bxc4 Nb4 18. Rc1 Nxa2 19. c5 Nxc1 20. cxd6 Nd3 21. Bxd3 Bxd3 22. dxc7 Qxc7 23. g3 Bb5 24. Ne5 Re8 25. Qd1 Bd7 26. Ne4 Be6 27. Qf3 f5 28. Nc5 Bxe5 29. Nxe6 Rxe6 30. dxe5 Qc6 31. Qb3 b5 32. h4 h5 33. Qd3 Kh7 34. Qe3 Qe8 35. Qa7+ Qe7 36. Qa8 b4 37. Kh2 b3 38. Qb8 a5 39. Qxb3 Qe8 40. Qb7+ Kg8 41. Qa7 a4 42. Bd4 Re7 43. Qa6 Re6 44. Qa7 Qb5 45. Kg1 Qc4 46. Qa8+ Kf7 47. Qb7+ Re7 48. Qb6 a3 49. Qf6+ Ke8 50. Qxg6+ Kd7 51. Qxf5+ Kc7 52. Qf6 Qe6 53. Qf3 a2 54. Qc3+ Kd8 55. Qa3 Rd7 56. Qa8+ Ke7 57. Bc5+ Kf7 58. Qf3+ Kg6 59. Qe4+ Kg7 60. Bd4 Kf7 61. Kh2 Qd5 62. Qf5+ Ke8 63. Qxh5+ Kd8 64. Qg5+ Kc8 65. Bc3 Qf3 66. Qf4 Qxf4 67. gxf4 Rd3 68. Ba1 Rd1 69. Bc3 a1Q 70. Bxa1 Rxa1 71. Kg3 Kd7 72. Kg4 Rf1 73. Kf5 Rxf2 74. h5 Rh2 75. Kg6 Ke6 76. h6 Rg2+ 77. Kh5 Kf5 78. Kh4 Rh2+ 79. Kg3 Rxh6 80. Kf3 Ra6 81. Ke3 Ra3+ 82. Kd4 Kxf4 0-1

[Event "Galicia-ch U18"]
[Site "Padron"]
[Date "2023.02.20"]
[Round "5"]
[White "Lopez Diaz, Pablo"]
[Black "Fernandez Lopez, Ruben"]
[Result "0-1"]
[WhiteElo "1450"]
[BlackElo "2305"]
[PlyCount "67"]
[EventDate "2023.02.18"]
[EventType "swiss"]
[EventRounds "8"]
[EventCountry "ESP"]
[SourceTitle "EXT 2024"]
[Source "ChessBase"]
[SourceDate "2023.10.10"]
[SourceVersion "1"]
[SourceVersionDate "2023.10.10"]
[SourceQuality "1"]

1. d4 c5 2. d5 e6 3. e4 exd5 4. exd5 d6 5. Nc3 Nf6 6. Nf3 g6 7. Be2 Bg7 8. 0-0 0-0 9. Nd2 a6 10. a4 Nbd7 11. Nc4 Nb6 12. Ne3 Re8 13. a5 Nbd7 14. Nc4 Ne5 15. Nb6 Rb8 16. Bg5 Qc7 17. Bxf6 Bxf6 18. Ne4 Bg7 19. c3 Nd7 20. Nxd7 Bxd7 21. Nd2 Re7 22. Bg4 Bb5 23. c4 Bd7 24. Bxd7 Qxd7 25. Rb1 Qc7 26. Qa4 Re2 27. Rfd1 Bd4 28. Nf3 Bxf2+ 29. Kf1 Qe7 30. Qb3 Re8 31. Qd3 Bd4 32. Nxd4 cxd4 33. Qxd4 Qg5 34. g3 0-1

[Event "Galicia-ch U18"]
[Site "Padron"]
[Date "2023.02.19"]
[Round "4"]
[White "Fernandez Lopez, Ruben"]
[Black "Longueira Alonso, Breixo"]
[Result "0-1"]
[WhiteElo "2305"]
[BlackElo "2005"]
[PlyCount "120"]
[EventDate "2023.02.18"]
[EventType "swiss"]
[EventRounds "8"]
[EventCountry "ESP"]
[SourceTitle "EXT 2024"]
[Source "ChessBase"]
[SourceDate "2023.10.10"]
[SourceVersion "1"]
[SourceVersionDate "2023.10.10"]
[SourceQuality "1"]

1. Nf3 e6 2. e4 d5 3. e5 c5 4. c3 Nc6 5. d4 Qb6 6. Bd3 Bd7 7. dxc5 Bxc5 8. 0-0 a5 9. Nbd2 Qc7 10. Nb3 Bb6 11. Bf4 Nge7 12. Qe2 Ng6 13. Bg3 a4 14. Nbd2 0-0 15. h4 f5 16. h5 f4 17. Bxg6 fxg3 18. Bc2 Bxf2+ 19. Rxf2 gxf2+ 20. Kf1 a3 21. Qd3 Rf5 22. g4 axb2 23. Rb1 Nxe5 24. Nxe5 Rxe5 25. Qxh7+ Kf7 26. Nf3 Qxc3 27. Nxe5+ Qxe5 28. Bg6+ Ke7 29. h6 Bb5+ 30. Bd3 Rh8 31. Qxg7+ Qxg7 32. hxg7 Bxd3+ 33. Kxf2 Rg8 34. Rxb2 Ba6 35. a4 Rxg7 36. Kg3 Kd6 37. a5 d4 38. Kf4 e5+ 39. Kf5 Bd3+ 40. Kf6 Rg6+ 41. Kf7 Rxg4 42. Rxb7 Rf4+ 43. Kg7 e4 44. Rb3 e3 45. a6 Bxa6 46. Kg6 e2 47. Kg5 e1Q 48. Kxf4 Qf1+ 49. Rf3 Qxf3+ 50. Kxf3 Ke5 51. Kf2 Ke4 52. Ke1 Ke3 53. Kd1 d3 54. Ke1 d2+ 55. Kd1 Be2+ 56. Kc2 d1Q+ 57. Kb2 Kd4 58. Ka3 Qb1 59. Ka4 Bc4 60. Ka5 Qb5# 0-1

[Event "Galicia-ch U18"]
[Site "Padron"]
[Date "2023.02.18"]
[Round "1"]
[White "Cereijo Suarez, Nerea"]
[Black "Fernandez Lopez, Ruben"]
[Result "0-1"]
[WhiteElo "1672"]
[BlackElo "2305"]
[PlyCount "62"]
[EventDate "2023.02.18"]
[EventType "swiss"]
[EventRounds "8"]
[EventCountry "ESP"]
[SourceTitle "EXT 2024"]
[Source "ChessBase"]
[SourceDate "2023.10.10"]
[SourceVersion "1"]
[SourceVersionDate "2023.10.10"]
[SourceQuality "1"]

1. e4 c5 2. Nf3 e6 3. c4 Nc6 4. d4 cxd4 5. Nxd4 Bc5 6. Nxc6 bxc6 7. Nc3 e5 8. Bd3 Nf6 9. 0-0 0-0 10. Bg5 h6 11. Bh4 d6 12. Qa4 g5 13. Bg3 Rb8 14. Qc2 h5 15. Qd2 Ne8 16. Na4 Bd4 17. h3 h4 18. Bh2 Ng7 19. Kh1 Qe7 20. Rae1 Be6 21. b3 f6 22. Bc2 Rf7 23. f4 gxf4 24. Bxf4 Nh5 25. Bh2 Rg7 26. Qh6 Rh7 27. Qd2 Ng3+ 28. Bxg3 hxg3 29. Rf3 Bxh3 30. Rxg3+ Bg4+ 31. Rh3 Bxh3 0-1